000 01212nam0a2200337 4500
001 RU\NLR\BIBL_A\012243521
005 20200623161819.0
010 _a978-5-389-17738-3
_92000
021 _aRU
_bКН-П-20-002808
_9КН-П-20-0200
035 _a(NLR Aleph) 012243521
035 _a(RuMoRGB)010233975
090 _a11044451
_c11044451
100 _a20200312d2020 k y0rusy50 ca
101 1 _arus
_ceng
102 _aRU
105 _ay|||z|||000zy
181 0 _ai
_baxxe
182 0 _an
200 1 _aКод таланта
_eгениями не рождаются. Ими становятся
_fДэниел Койл
_g[перевод с английского Юлии Букановой]
203 _aТекст
_bвизуальный
_cнепосредственный
210 _aМосква
_cКоЛибри
_cАзбука-Аттикус
_d2020
215 _a222 с.
_cил.
_d22
333 _a16+
606 1 _aСпособности у детей
_xРазвитие
_2nlr_sh1
_2nlr_sh2
_3RU\NLR\AUTH\661039346
686 1 _aЮ983.724
700 1 _aКойл
_bД.
_gДэниел
942 _cBOOK
980 _aNBR
980 _aNB